Music Quiz

Random Music Quiz

Dollhouse Clicky-Oke Quiz Stats

 Plays Quiz not verified by Sporcle

Score 0/74 Timer 07:00
0 Plays Today
% Correct
places
100%
places
100%
your dolls
95.5%
is when we really play
95.5%
a s!ut
95.5%
smoking canabis'
95.5%
glistens
95.5%
goes down in the kitchen
95.5%
places
95.5%
that we're perfect
95.5%
picture
95.5%
a good sister
95.5%
H-O-U-S-E
95.5%
that nobody else sees
95.5%
you're blinded by her jewelry
95.5%
turn your back
95.5%
a flask
95.5%
his infidelity
95.5%
plastic
95.5%
plastic
95.5%
goes down in the kitchen
95.5%
places
95.5%
your doll faces
95.5%
that we're perfect
95.5%
look through the curtains
95.5%
picture
95.5%
that we're perfect
95.5%
look through the curtains
95.5%
that nobody else sees
95.5%
that nobody else sees
95.5%
a perfect family
95.5%
your doll faces
95.5%
that we're perfect
95.5%
look through the curtains
95.5%
picture
95.5%
picture
95.5%
a good sister
95.5%
% Correct
look through the curtains
95.5%
H-O-U-S-E
95.5%
H-O-U-S-E
95.5%
your dress
95.5%
listens
95.5%
listens
95.5%
your brother
95.5%
your dress
95.5%
your brother
95.5%
a perfect family
90.9%
when I say
90.9%
please wake up
90.9%
your doll faces
90.9%
look through the curtains
90.9%
picture
90.9%
look through the curtains
90.9%
H-O-U-S-E
90.9%
that nobody else sees
90.9%
look at my mom
90.9%
going on
90.9%
glistens
90.9%
picture
90.9%
a good sister
90.9%
H-O-U-S-E
90.9%
H-O-U-S-E
90.9%
your dolls
90.9%
places
90.9%
places
90.9%
that we're perfect
90.9%
that nobody else sees
90.9%
your brother
90.9%
your dress
90.9%
open the walls
86.4%
that we're perfect
86.4%
that nobody else sees
86.4%
(Hey girl)
81.8%
open the walls
81.8%

You're not logged in!

Compare scores with friends on all Sporcle quizzes.
OR
Log In

Sporcle TV

Today on Sporcle TV


Watch our educational content, quiz creation guides, and fun videos on Sporcle TV.

Show Comments

Extras

Created Sep 2, 2019ReportNominate
Tags:Melanie Martinez

Top Quizzes Today


Score Distribution

Your Account Isn't Verified!

In order to create a playlist on Sporcle, you need to verify the email address you used during registration. Go to your Sporcle Settings to finish the process.

Report this User

Report this user for behavior that violates our Community Guidelines.

Details: